Loading...
| Science - Physics | 0 | 8 | 1 | 1 | 75 | 38 | 81.88 | 3 | 7 | 25.61 | 63.45 |
| Science - Biology | 0 | 4 | 0 | 0 | 40 | 17 | 56.25 | 1 | 2 | 19.23 | 28.18 |
| Science - Chemistry | 0 | 4 | 0 | 2 | 40 | 74 | 92.25 | 0 | 1 | 9.54 | 22.00 |
| History - Other | 0 | 3 | 0 | 0 | 30 | 85 | 93.00 | 0 | 0 | 8.33 | 14.36 |
| Philosophy | 0 | 3 | 0 | 2 | 30 | 78 | 94.67 | 1 | 2 | 6.15 | 18.27 |
| Other Academic | 0 | 2 | 0 | 0 | 20 | 55 | 55.50 | 1 | 1 | 38.15 | 54.55 |
| Literature - British | 0 | 2 | 0 | 0 | 20 | 51 | 66.00 | 1 | 2 | 10.94 | 19.00 |
| Science - Other | 0 | 3 | 2 | 0 | 20 | 60 | 67.00 | 3 | 3 | 14.16 | 30.00 |
| Mythology | 0 | 2 | 0 | 1 | 20 | 111 | 117.00 | 0 | 0 | 1.69 | 6.73 |
| History - American | 0 | 2 | 0 | 2 | 20 | 118 | 123.00 | 0 | 0 | 0.00 | 1.82 |
| Fine Arts - Classical Music | 0 | 2 | 1 | 0 | 15 | 48 | 85.50 | 1 | 1 | 7.55 | 13.64 |
| Social Science | 0 | 2 | 1 | 1 | 15 | 95 | 97.00 | 0 | 0 | 2.94 | 9.64 |
| Religion | 0 | 2 | 1 | 1 | 15 | 117 | 123.50 | 0 | 0 | 0.47 | 5.00 |
| Literature - World | 0 | 1 | 0 | 0 | 10 | 79 | 79.00 | 0 | 1 | 3.88 | 9.09 |
| Fine Arts - Other | 0 | 1 | 0 | 0 | 10 | 40 | 40.00 | 0 | 1 | 6.61 | 9.09 |
| History - World | 0 | 1 | 0 | 0 | 10 | 92 | 92.00 | 0 | 0 | 2.27 | 5.00 |
| Literature - American | 0 | 1 | 0 | 0 | 10 | 63 | 63.00 | 1 | 1 | 5.53 | 10.00 |
| Current Events | 0 | 0 | 1 | 0 | -5 | 0.00 | 0 | 0 | 0.00 | 0.00 | |
| Literature - European | 0 | 0 | 1 | 0 | -5 | 0.00 | 0 | 0 | 0.00 | 0.00 | |
| History - European | 0 | 0 | 1 | 0 | -5 | 0.00 | 0 | 0 | 0.00 | 0.00 |